Vplyv vstupu Slovenska do Eurozóny na jeho cestovný ruch diplomová práca

Na minha lista:
Detalhes bibliográficos
Autor principal: Bugyíková, Marta
Autor Corporativo: Obchodná fakulta EU. Katedra služieb a cestovného ruchu - zrušené
Outros Autores: Pachingerová, Mária
Formato: Livro
Idioma:eslovaco
Publicado em: Bratislava 2012
Tags: Adicionar Tag
Sem tags, seja o primeiro a adicionar uma tag!

MARC

LEADER 00000nbm a2200000 4500
001 0159026
005 20161109102224.4
041 0 |a slo 
044 |a SK 
245 1 0 |a Vplyv vstupu Slovenska do Eurozóny na jeho cestovný ruch  |b diplomová práca  |c Marta Bugyíková ; školiteľ: Mária Pachingerová 
264 1 |a Bratislava  |c 2012 
300 |a 56 s. 
100 1 |a Bugyíková, Marta 
700 1 |a Pachingerová, Mária 
710 2 |a Obchodná fakulta EU. Katedra služieb a cestovného ruchu - zrušené